000 00656nam a2200241Ia 4500
003 OSt
005 20220924114340.0
006 a|||||r|||| 00| 0
007 ta
008 220923b |||||||| |||| 00| 0 ara d
024 _a338357
037 _cTextual
040 _aARTS
_cARTS
_bara
041 _2ara
_aara
082 _aO28,3NAM,1, L7
100 _aTaufiq Amjad Au.
_9173115
245 0 _aAl-jabal-al-abyaz
260 _aBaghdad
_bAl-Maktaba-al-wataniya Iraq
_c1977
300 _a102p.
_ccm.
650 _aARABIC FICTION
_964594
942 _hO28,3NAM,1, L7
_cTEXL
_2CC
999 _c393150
_d393150